Legislación vigente sobre los impuestos de derechos reales y transmisión de bienes, caudal relicto y personas jurídicas (Record no. 144521)

MARC details
000 -LEADER
campo de control de longitud fija 00679nam a2200181 i 4500
001 - NÚMERO DE CONTROL
campo de control 144521
003 - IDENTIFICADOR DE NÚMERO DE CONTROL
campo de control ES-MaACL
005 - FECHA Y HORA DE LA ÚLTIMA TRANSACCIÓN
campo de control 20250809044131.0
007 - CAMPO FIJO DE DESCRIPCIÓN FÍSICA--INFORMACIÓN GENERAL
campo de control de longitud fija t|
008 - DATOS DE LONGITUD FIJA--INFORMACIÓN GENERAL
campo de control de longitud fija 070214s1941 sp r ||||1| spa d
100 1# - ENTRADA PRINCIPAL--NOMBRE DE PERSONA
Nombre de persona Silván, José.
9 (RLIN) 106414
245 10 - MENCIÓN DEL TÍTULO
Título Legislación vigente sobre los impuestos de derechos reales y transmisión de bienes, caudal relicto y personas jurídicas
Resto del título : obra adaptada al programa de... abogados del estado /
Mención de responsabilidad, etc. José Silván.
260 ## - PUBLICACIÓN, DISTRIBUCIÓN, ETC.
Lugar de publicación, distribución, etc. Barcelona :
Nombre del editor, distribuidor, etc. Ed. Byp,
Fecha de publicación, distribución, etc. 1941.
300 ## - DESCRIPCIÓN FÍSICA
Extensión 523 p. ;
Dimensiones 24 cm.
650 #7 - PUNTO DE ACCESO ADICIONAL DE MATERIA--TÉRMINO DE MATERIA
Término de materia o nombre geográfico como elemento de entrada Impuesto de derechos reales-
Subdivisión geográfica España
Fuente del encabezamiento o término
9 (RLIN) 160616
852 ## - LOCALIZACIÓN
Ubicación ES-MaACL
Número de control de estantería F-15336
Sublocalización o colección R.19039
Holdings
Estatus retirado Estado de pérdida Estado de daño No para préstamo Biblioteca de origen Biblioteca actual Ubicación en estantería Fecha de adquisición Fuente de adquisición Total de préstamos Signatura topográfica completa Código de barras Visto por última vez Precio de reemplazo Tipo de ítem Koha
        Biblioteca del Ateneo de Madrid Biblioteca del Ateneo de Madrid Sala Pecera Planta 2 17/01/2008     F-15336 1150378 23/02/2023 23/02/2023 Libro impreso